ბათუმის შოთა რუსთაველის სახელმწიფო უნივერსიტეტის ბიბლიოთეკა

The European Union as a global conflict manager / (ბიბ.ჩანაწერი № 57989)

000 -LEADER
fixed length control field 00832cam a2200217 a 4500
001 - CONTROL NUMBER
control field 17084025
005 - DATE AND TIME OF LATEST TRANSACTION
control field 20221114122237.0
008 - FIXED-LENGTH DATA ELEMENTS--GENERAL INFORMATION
fixed length control field 111214s2012 nyu b 001 0 eng
020 ## - INTERNATIONAL STANDARD BOOK NUMBER
International Standard Book Number 9780415528559x
041 ## - LANGUAGE CODE
Language code of text/sound track or separate title eng
080 ## - UNIVERSAL DECIMAL CLASSIFICATION NUMBER
Universal Decimal Classification number 327 th-44
245 04 - TITLE STATEMENT
Title The European Union as a global conflict manager /
Statement of responsibility, etc. edited by Richard G. Whitman and Stefan Wolff.
264 ## - PRODUCTION, PUBLICATION, DISTRIBUTION, MANUFACTURE, AND COPYRIGHT NOTICE
Place of production, publication, distribution, manufacture New York :
Name of producer, publisher, distributor, manufacturer Routledge,
Date of production, publication, distribution, manufacture, or copyright notice 2012.
300 ## - PHYSICAL DESCRIPTION
Extent 253 p. ;
Dimensions 26 cm.
653 ## - INDEX TERM--UNCONTROLLED
keyword ევროკავშირი, როგორც გლობალური კონფლიქტის მენეჯერი
653 ## - INDEX TERM--UNCONTROLLED
keyword პოლიტიკა
653 ## - INDEX TERM--UNCONTROLLED
keyword სამართალი
700 1# - ADDED ENTRY--PERSONAL NAME
Personal name Whitman, Richard G.
9 (RLIN) 11217
Relator term რედაქტორი
700 1# - ADDED ENTRY--PERSONAL NAME
Personal name Wolff, Stefan
Dates associated with a name
9 (RLIN) 11218
Relator term რედაქტორი
942 ## - ADDED ENTRY ELEMENTS (KOHA)
Source of classification or shelving scheme
Koha item type წიგნი
ეგზემპლარები
Withdrawn status Lost status Source of classification or shelving scheme Damaged status Not for loan Permanent Location Current Location Shelving location Date acquired Cost, normal purchase price Full call number Barcode Date last seen Copy number Price effective from Koha item type Public note
          ბათუმის შოთა რუსთაველის სახელმწიფო უნივერსიტეტის მთავარი ბიბლიოთეკა ბათუმის შოთა რუსთაველის სახელმწიფო უნივერსიტეტის მთავარი ბიბლიოთეკა წიგნსაცავი 2021-04-16 121.00 327 th-44 54204 2021-04-16 54204 2021-04-16 წიგნი 121.00 GEL.
          ბათუმის შოთა რუსთაველის სახელმწიფო უნივერსიტეტის მთავარი ბიბლიოთეკა ბათუმის შოთა რუსთაველის სახელმწიფო უნივერსიტეტის მთავარი ბიბლიოთეკა წიგნსაცავი 2021-04-16 121.00 327 th-44 54203 2021-04-16 54203 2021-04-16 წიგნი 121.00 GEL.